UITU Library & LRC     

Behavior Management: a practical approach for educators (Record no. 5417)

MARC details
000 -LEADER
fixed length control field 00564nam a2200217Ia 4500
003 - CONTROL NUMBER IDENTIFIER
control field OSt
005 - DATE AND TIME OF LATEST TRANSACTION
control field 20241007104251.0
008 - FIXED-LENGTH DATA ELEMENTS--GENERAL INFORMATION
fixed length control field 240925s9999 xx 000 0 und d
020 ## - INTERNATIONAL STANDARD BOOK NUMBER
International Standard Book Number 24238716
040 ## - CATALOGING SOURCE
Transcribing agency df
082 ## - DEWEY DECIMAL CLASSIFICATION NUMBER
Classification number 371.1024 WAL
100 ## - MAIN ENTRY--PERSONAL NAME
Personal name Walker ,James E.
245 #0 - TITLE STATEMENT
Title Behavior Management: a practical approach for educators
250 ## - EDITION STATEMENT
Edition statement NA
260 ## - PUBLICATION, DISTRIBUTION, ETC.
Place of publication, distribution, etc. New Jersey:
Name of publisher, distributor, etc. Printice- Hall Int.
Date of publication, distribution, etc. ,1995.
300 ## - PHYSICAL DESCRIPTION
Extent x,293p.
Other physical details NA
Type of unit Original
500 ## - GENERAL NOTE
General note Includes Index
600 ## - SUBJECT ADDED ENTRY--PERSONAL NAME
Personal name Social Sciences
650 ## - SUBJECT ADDED ENTRY--TOPICAL TERM
Topical term or geographic name entry element Social Sciences
942 ## - ADDED ENTRY ELEMENTS (KOHA)
Koha item type Books
Source of classification or shelving scheme Dewey Decimal Classification
Holdings
Withdrawn status Lost status Damaged status Not for loan Collection Home library Current library Date acquired Source of acquisition Total checkouts Full call number Barcode Date last seen Price effective from Koha item type
        Social Sciences UITU Library UITU Library 08/16/2000 NA   371.1024 WAL Q2918 09/25/2024 09/25/2024 Books

Powered by Koha